000 00287nam a2200109Ia 4500
008 200302s9999 xx 000 0 und d
100 _aRoderick Ham
245 _aTheatres Planning Guidance for Design and Adaptation
260 _bThe Architectural Press
260 _c1987
300 _a246 P.,
999 _c749
_d749